000 01014nam a22002297a 4500
999 _c18494
_d18494
003 AR-CdUCM
008 190306b ||||| |||| 00| 0 spa d
040 _aMUNICIPALIDAD PROVINCIAL DEL CUSCO
_cBIBLIOTECA MUNICIPAL DEL CUSCO
082 _a372.5 /
_bB65
100 _aBlumenfeld, Walter
_910381
245 _aLa juventud como situación conflictiva /
260 _aLima :
_bInca,
_c1963.
300 _a185 páginas :
_c25 cm.
440 _aUniversidad nacional mayor de San Marcos
_nTraducciones
_939114
505 _aContenido: A propósito del desarrollo físico -- Puntos fundamentales sobre las leyes del desarrollo -- Las diferentes teorías de la pubertad y la nueva hipótesis -- El desarrollo de los rendimientos -- Ensayos para dominar el conflicto sexual-erótico -- Las federaciones juveniles ...
650 _aPsicología del adolescente
_911458
650 _aJuventud
_94964
650 _aJudíos
_9358
700 _akonfliktsituation, Jugend als
_939115
942 _2ddc
_cLIBROS
945 _arcc